Advertising and promotion (Record no. 467)

MARC details
000 -LEADER
Fixed length control field 00630nam a22002177a 4500
003 - CONTROL NUMBER IDENTIFIER
Control field SEACOMMC
005 - DATE AND TIME OF LATEST TRANSACTION
Control field 20231114062418.0
008 - FIXED-LENGTH DATA ELEMENTS--GENERAL INFORMATION
Fixed length control field 231114b |||||||| |||| 00| 0 eng d
020 ## - INTERNATIONAL STANDARD BOOK NUMBER / ISBN
Price Rs. 425.00
040 ## - CATALOGING SOURCE
Original cataloging agency SEACOMMC
082 ## - DEWEY DECIMAL CLASSIFICATION NUMBER
Classification number 659.1
Book Number BEL
100 1# - MAIN ENTRY--PERSONAL NAME
Personal name Belch, George E.
245 1# - TITLE STATEMENT
Title Advertising and promotion
Sub title an integrated marketing communications perspective
Statement of responsibility George E. Belch and Michael A. Belch
250 ## - EDITION STATEMENT
Edition statement 6th ed.
260 ## - IMPRINT
Place of publication New Delhi
Name of publisher Tata McGraw-Hill
Date of publication 2006
650 ## - SUBJECT ADDED ENTRY--TOPICAL TERM
Topical term Advertising
650 ## - SUBJECT ADDED ENTRY--TOPICAL TERM
Topical term Sales Promotion
650 ## - SUBJECT ADDED ENTRY--TOPICAL TERM
Topical term Communication in Marketing
700 1# - ADDED ENTRY--PERSONAL NAME
Personal name Belch, Michael A.
942 ## - ADDED ENTRY ELEMENTS (KOHA)
Koha item type Books
Holdings
Withdrawn status Lost status Source of classification Damaged status Not for loan Home library Current library Date acquired Total Checkouts Call number Accession number Date last seen Price effective from Koha item type
    Dewey Decimal Classification     SEACOM MANAGEMENT COLLEGE SEACOM MANAGEMENT COLLEGE 05/03/2007   659.1 BEL 06146 14/11/2023 14/11/2023 Books
© Seacom Engineering College, All rights reserved.    Powered by Koha